banner koha

Fontes energéticas e a agricultura (Registro n. 298502)

MARC details
000 -LÍDER
fixed length control field 00942nab a2200265 4500
003 - CÓDIGO MARC DA AGÊNCIA CATALOGADORA
Campo de controle BR-BrBNA
005 - DATA E HORA DA ÚLTIMA ATUALIZAÇÃO
Campo de controle 20240215143306.0
008 - CAMPO DE TAMANHO FIXO
fixed length control field 240215b bl.||||| |||| 00| 0 por d
040 ## - FONTE DA CATALOGAÇÃO
Agência catalogadora BR-BrBNA
Idioma da catalogação por
072 ## - CATEGORIA AGRIS
Código AGRIS N01 ; P06 ; P07
100 ## - ENTRADA PRINCIPAL - NOME PESSOAL
Nome pessoal Minzon, Damaris B.
245 ## - TÍTULO PRINCIPAL
Título principal Fontes energéticas e a agricultura
500 ## - NOTA GERAL
Nota geral 2 ref.; 1 illus.
942 ## - ADDED ENTRY ELEMENTS (KOHA)
Koha item type
650 ## - ASSUNTO - THESAGRO
Cabeçalho tópico ou nome geográfico ENERGIA
650 ## - ASSUNTO - THESAGRO
Cabeçalho tópico ou nome geográfico ENERGIA TÉRMICA
650 ## - ASSUNTO - THESAGRO
Cabeçalho tópico ou nome geográfico CARVÃO VEGETAL
650 ## - ASSUNTO - THESAGRO
Cabeçalho tópico ou nome geográfico ENERGIA HIDRÁULICA
650 ## - ASSUNTO - THESAGRO
Cabeçalho tópico ou nome geográfico ENERGIA EÓLICA
650 ## - ASSUNTO - THESAGRO
Cabeçalho tópico ou nome geográfico COMBUSTÍVEL
650 ## - ASSUNTO - THESAGRO
Cabeçalho tópico ou nome geográfico ÁLCOOL
650 ## - ASSUNTO - THESAGRO
Cabeçalho tópico ou nome geográfico PETRÓLEO
773 0# - ENTRADA ANALÍTICA
Host Biblionumber 1330
Registro do item 275222
Imprenta Campinas-SP Coordenadoria de Assistência Técnica Integral - CATI - Centro de Comunicação Rural e Treinamento - CECORT 1979. Data final de publicação em 1990
Outro identificador 2023-437030
Título Casa da Agricultura (Brazil)
ISSN 0100-6541
Colação v. 2(1) p. 12-13 (Jan-Feb 1980)
Número de controle de registro BR2023002390

Nenhum exemplar disponível.

BINAGRI

Telefone: (61)3218-2567/2388/3357/2097 - binagri@agro.gov.br

Ministério da Agricultura e Pecuária , Esplanada dos Ministérios, Bloco D, Anexo B, Brasília/DF, CEP: 70.043-900